000 004630000a22001690004500
003 MACL
005 20160113170927.0
008 160113b xxu||||| |||| 00| 0 eng d
040 _aMACL
_cMACL
041 _aEnglish
082 _a943.71/MAU
100 _aMaurice, C Edmund
_932076
245 _aBohemia
_bFrom The Earliest times to the Fall of National Incependence
260 _bT Fisher Unwin
_c1896
650 _aHistory
_932077
942 _cBK
_k943.71/MAU
_2ddc
999 _c38635
_d38635